00604 2200193 4500001002100000005001500021035002000036007000300056008003900059082001800098084002400116100002400140245011000164260004100274300004200315650001100357650002900368022001300397INLIS00000000000107520241024091026 a0010-1024000045ta241024 | | |  a636.089-636.2 a636.089-636.2 TUF t0 aTufarelli, Vincenzo1 aThe Most Important Metabolic Diseases in Dairy Cattle during the Transition Period /cTufarelli, Vincenzo aSwitzerland, Basel :bMDPI AG,c2024 a1-16 hlm, :bilus, ;c21 cm X 29,5 cm 4aJurnal 4aPencegahan Penyakit Sapi a20762615